| 000 | 00941nam a2200289 a 4500 | ||
|---|---|---|---|
| 001 | 000014338 | ||
| 005 | 20200929163559.0 | ||
| 008 | 091209s2000 sp 000 f spa d | ||
| 020 | _a8495501252 | ||
| 040 |
_aDO-SdBNP _bspa _cBNPHU |
||
| 041 | 1 | 7 |
_aspa _heng _2Código de idioma MARC |
| 082 |
_a813.54 _bR495e, 2000 |
||
| 100 | 1 |
_aRice, Anne, _d1941- _911630 |
|
| 240 | 1 | 0 |
_aInterview with the vampire. _lEspañol |
| 245 | 1 | 0 |
_aEntrevista con el vampiro / _cAnne Rice ; traducción de Marcelo Covián. |
| 250 | _a3a ed. | ||
| 260 |
_a[Madrid] : _bSuma de Letras, _c2000. |
||
| 300 |
_a463 p. ; _c18 cm. |
||
| 490 | 1 |
_aPunto de lectura _v26/1 |
|
| 534 |
_pTítulo original en inglés: _tInterview with the vampire _c1976 |
||
| 650 | 4 |
_aNovela estadounidense _9262 |
|
| 650 | 4 |
_aLiteratura estadounidense _9263 |
|
| 700 | 1 |
_aCovián, Marcelo, _etr. _932353 |
|
| 830 | 0 |
_aPunto de lectura ; _v26/1 _93047 |
|
| 910 | _aWM | ||
| 049 | _aBNGR | ||
| 999 |
_c13930 _d13930 |
||